00654 2200229 4500001002100000005001700021020002200038035002500060040001200085082001200097084002200109090002200131100003200153245009300185250001100278260002700289300003100316500002700347650002300374700001500397850001200412YOGYA00000000010119120141217084607.0 a978-979-29-3384-0 a0010-031400000000025 aYOPDYOG a005.268 aDEP 005.268 And C aDEP 005.268 And C aANDI TARU NUGROHO NUR WISMO aCara mudah membuat game di androidc/ Andi Taru Nugroho Nur Wismono ; editor, Hernita P. aCet. 1 aYogyakartabAndic2012 ax, 209 hlm.bilus.c23 cm. aBibliografi : hlm. 209 aPemrograman Khusus aHernita P. aYOPDYOG